Seuji pator kahini (Record no. 8960)

MARC details
000 -LEADER
fixed length control field 00454cam a2200193ua 4500
001 - CONTROL NUMBER
control field 9964
005 - DATE AND TIME OF LATEST TRANSACTION
control field 20260515114541.0
008 - FIXED-LENGTH DATA ELEMENTS--GENERAL INFORMATION
fixed length control field 170211n ii |||gr||||Z||||||asm
040 ## - CATALOGING SOURCE
Transcribing agency MAIN
041 ## - LANGUAGE CODE
Language code of text/sound track or separate title asm
082 ## - DEWEY DECIMAL CLASSIFICATION NUMBER
Classification number 891.4513N
100 ## - MAIN ENTRY--PERSONAL NAME
Personal name Barua, Rasna,
Relator term Author.
245 ## - TITLE STATEMENT
Title Seuji pator kahini
Statement of responsibility, etc. By Rasna Barua
250 ## - EDITION STATEMENT
Edition statement 4th ed.
260 ## - PUBLICATION, DISTRIBUTION, ETC.
Place of publication, distribution, etc. Nalbari:
Name of publisher, distributor, etc. Journal emporium,
Date of publication, distribution, etc. 1997.
300 ## - PHYSICAL DESCRIPTION
Extent 247p.
653 ## - INDEX TERM--UNCONTROLLED
Uncontrolled term Assamese novel
942 ## - ADDED ENTRY ELEMENTS (KOHA)
Koha item type Books
Holdings
Withdrawn status Lost status Damaged status Not for loan Home library Current library Shelving location Date acquired Total checkouts Full call number Barcode Date last seen Date last checked out Copy number Price effective from Koha item type
        Naharkatiya College Library Naharkatiya College Library General stacks 09/19/2020 1 891.4513NAssamese novel | BAR 10423 11/22/2021 11/16/2021 1 09/19/2020 Books